Jung /

Bibliographic Details
Main Author: Brome, Vincent, 1910-2004
Format: Book
Language:English
Published: London : Macmillan, 1978.
Subjects:

MARC

Tag First Indicator Second Indicator Subfields
LEADER 00000cam a2200000 i 4500
001 in00000265521
005 20151010060304.0
008 781116s1978 enk b 00110beng d
020 |a 0333178416 
035 |a (OCoLC)04378956 
035 |9 ABD2827AM 
040 |a WHE  |c WHE  |d TXA  |d UtOrBLW 
049 |a TXAM  |c [1614563] 
090 |a BF173.J85  |b B7 
100 1 |a Brome, Vincent,  |d 1910-2004. 
245 1 0 |a Jung /  |c Vincent Brome. 
264 1 |a London :  |b Macmillan,  |c 1978. 
300 |a 327 pages ;  |c 23 cm. 
336 |a text  |b txt  |2 rdacontent 
337 |a unmediated  |b n  |2 rdamedia 
338 |a volume  |b nc  |2 rdacarrier 
500 |a Includes index. 
500 |a Title on spine: Jung: man and myth. 
504 |a Bibliography: pages 313-316. 
600 1 0 |a Jung, C. G.  |q (Carl Gustav),  |d 1875-1961. 
740 0 |a Jung: man and myth. 
999 |a MARS 
999 f f |s a6931d0c-c7cf-3ebb-9968-3b9e0be3faf9  |i abddb0da-a5b5-3203-b230-c9b8e9c5606e  |t 0 
952 f f |p ric  |a Texas A&M University  |b Rellis Campus  |c Joint Library Facility  |d Remote Storage  |t 0  |e BF173.J85 B7  |h Library of Congress classification  |i unmediated -- volume  |m A14801666204 
998 f f |a BF173.J85 B7  |t 0  |l Remote Storage